[Event "Odorheiu Secuiesc op"]
[Site "Odorheiu Secuiesc"]
[Date "1993.??.??"]
[EventDate "?"]
[Round "1"]
[Result "1/2-1/2"]
[White "Dan Mitaru"]
[Black "Almira Skripchenko"]
[WhiteElo "2330"]
[BlackElo "2190"]
[PlyCount "55"]

1. e4 c5 2. d3 Nc6 3. Nf3 g6 4. g3 Bg7 5. Bg2 e6 6. O-O d5
7. exd5 exd5 8. Nc3 Nge7 9. Bg5 O-O 10. Qd2 Re8 11. Rfe1 Be6
12. Qf4 Qd7 13. Bf6 Bxf6 14. Qxf6 h6 15. Ne2 d4 16. Nf4 Nd5
17. Nxd5 Bxd5 18. h4 Re6 19. Rxe6 Qxe6 20. Qf4 Kg7 21. Re1 Qf6
22. Qxf6+ Kxf6 23. Nd2 Bxg2 24. Kxg2 b6 25. a3 Kg7 26. f4 h5
27. Kf3 Rd8 28. Re2 1/2-1/2

[Event "ROM-chT"]
[Site "Romania"]
[Date "1994.??.??"]
[EventDate "?"]
[Round "?"]
[Result "1-0"]
[White "Almira Skripchenko"]
[Black "Stefan Radu"]
[WhiteElo "2235"]
[BlackElo "2240"]
[PlyCount "60"]

1. e4 c5 2. Nf3 d6 3. d4 cxd4 4. Qxd4 a6 5. c4 Nc6 6. Qd2 Nf6
7. Nc3 e6 8. b3 Be7 9. Bb2 O-O 10. Be2 Qc7 11. O-O h6 12. Rac1
Qb8 13. Nd4 Nxd4 14. Qxd4 Bd7 15. a4 Qa7 16. Qd3 Qb6 17. Ba3
Rfd8 18. e5 Ne8 19. Ne4 f5 20. Nxd6 Nxd6 21. c5 Qa7 22. cxd6
Bc6 23. Bc5 Qb8 24. Qb1 Bf8 25. Bc4 Qc8 26. Qxf5 Re8 27. Bb6
Kh8 28. Qg6 Bxd6 29. Bd3 Kg8 30. exd6 Rf8 1-0

[Event "Groningen Open"]
[Site "Groningen NED"]
[Date "1998.12.30"]
[EventDate "?"]
[Round "10"]
[Result "1/2-1/2"]
[White "Zurab Sturua"]
[Black "Almira Skripchenko"]
[WhiteElo "2600"]
[BlackElo "2420"]
[PlyCount "88"]

1. c4 c5 2. Nf3 Nc6 3. Nc3 Nd4 4. e3 Nxf3+ 5. Qxf3 g6 6. b3
Bg7 7. Bb2 d6 8. g3 Nh6 9. Bg2 Rb8 10. Qe2 Nf5 11. Nd1 Bxb2
12. Nxb2 a6 13. O-O h5 14. h3 O-O 15. Rfd1 e5 16. Na4 Kg7
17. Nc3 Be6 18. Rab1 Qa5 19. a4 Rfd8 20. Kh2 Rd7 21. Qf1 f6
22. Be4 Ne7 23. Bg2 Nf5 24. Qe1 Re8 25. Kg1 Bf7 26. Qe2 Qb4
27. Rdc1 Qa5 28. Qd1 Be6 29. Qc2 Ne7 30. Qb2 Nc6 31. Ne4 Bf5
32. Ra1 Qd8 33. Rd1 Nb4 34. d3 a5 35. Qe2 d5 36. Nc3 d4
37. Nd5 Nxd5 38. cxd5 e4 39. dxe4 Bxe4 40. Bxe4 Rxe4 41. Qf3
Re5 42. exd4 Rexd5 43. Rd3 Rxd4 44. Re3 Rd1+ 1/2-1/2

[Event "Pamplona op"]
[Site "Pamplona"]
[Date "2000.??.??"]
[EventDate "?"]
[Round "6"]
[Result "1-0"]
[White "Almira Skripchenko"]
[Black "Juan Carlos Blazquez Gomez"]
[WhiteElo "2444"]
[BlackElo "2281"]
[PlyCount "67"]

1. e4 d5 2. exd5 Nf6 3. Nf3 Nxd5 4. d4 g6 5. c4 Nb6 6. Nc3 Bg7
7. Be3 O-O 8. Be2 Bg4 9. h3 Bxf3 10. Bxf3 Nc6 11. Bxc6 bxc6
12. c5 Nd5 13. Qa4 Nxe3 14. fxe3 e5 15. O-O exd4 16. Rad1 Rb8
17. exd4 Rxb2 18. Qxc6 Re8 19. Qf3 f5 20. Kh1 Bh6 21. Rd3 Qe7
22. d5 Rd8 23. Rfd1 Bg7 24. d6 cxd6 25. cxd6 Qb7 26. Nd5 Rb1
27. Ne7+ Kf8 28. Nc6 Rd7 29. Rxb1 Qxb1+ 30. Rd1 Qb6 31. Qd5
Qe3 32. Nb8 Rd8 33. d7 Rxb8 34. Qd6+ 1-0

[Event "WCC"]
[Site "Shenyang"]
[Date "2000.09.03"]
[EventDate "?"]
[Round "3"]
[Result "1/2-1/2"]
[White "Kanying Qin"]
[Black "Almira Skripchenko"]
[WhiteElo "2501"]
[BlackElo "2450"]
[PlyCount "92"]

1. e4 c5 2. Nf3 e6 3. c4 Nc6 4. Nc3 e5 5. d3 d6 6. g3 g6
7. Bg2 Bg7 8. Nd5 h6 9. a3 Nge7 10. Rb1 O-O 11. O-O Bg4 12. h3
Be6 13. b4 Qd7 14. bxc5 dxc5 15. Bxh6 Bxh3 16. Nxe7+ Nxe7
17. Bxg7 Bxg2 18. Kxg2 Kxg7 19. Nxe5 Qe6 20. f4 b6 21. Qg4 Qd6
22. Rh1 Rh8 23. Rxh8 Rxh8 24. Rh1 Rxh1 25. Kxh1 Nc6 26. Nxc6
Qxc6 27. Qd1 Qd7 28. Kg2 Qd4 29. Kf3 Qb2 30. a4 Kf8 31. e5 Ke7
32. g4 Qc3 33. Qe2 Qb3 34. f5 gxf5 35. gxf5 Qxa4 36. Qe4 Qd1+
37. Kg2 Qd2+ 38. Kh3 Qh6+ 39. Kg4 Qg7+ 40. Kf3 Qg1 41. Qh4+
Kd7 42. Qh7 Qf1+ 43. Ke3 Qe1+ 44. Kf4 Qd2+ 45. Kg4 Qg2+
46. Kf4 Qd2+ 1/2-1/2

[Event "WCC"]
[Site "Shenyang"]
[Date "2000.09.04"]
[EventDate "?"]
[Round "4"]
[Result "0-1"]
[White "Knarik Jacob Mouradian"]
[Black "Almira Skripchenko"]
[WhiteElo "2000"]
[BlackElo "2450"]
[PlyCount "54"]

1. e4 c5 2. Nf3 e6 3. d4 cxd4 4. Nxd4 a6 5. Nc3 b5 6. a3 Bb7
7. Bd3 Bc5 8. Nb3 Bb6 9. Qe2 d6 10. Be3 Nd7 11. a4 b4 12. Na2
a5 13. c3 bxc3 14. Nxc3 Ngf6 15. Nb5 Ne5 16. f3 O-O 17. O-O
Ba6 18. Bf2 Bxf2+ 19. Rxf2 Qb6 20. N3d4 Rab8 21. Rd1 Rfd8
22. Kf1 g6 23. f4 Nxd3 24. Rxd3 e5 25. fxe5 dxe5 26. Nc2 Rxd3
27. Qxd3 Ng4 0-1

[Event "WCC"]
[Site "Shenyang"]
[Date "2000.09.05"]
[EventDate "?"]
[Round "6"]
[Result "1/2-1/2"]
[White "Almira Skripchenko"]
[Black "Kanying Qin"]
[WhiteElo "2444"]
[BlackElo "2475"]
[PlyCount "67"]

1. e4 e5 2. Nf3 Nc6 3. Bb5 a6 4. Ba4 Nf6 5. Qe2 Be7 6. c3 b5
7. Bb3 d5 8. d3 O-O 9. h3 h6 10. Nbd2 Re8 11. Nf1 Be6 12. Ng3
Bf8 13. O-O Na5 14. Bc2 dxe4 15. Nxe4 Nxe4 16. Qxe4 Bd5
17. Qe3 Nc6 18. Re1 Qd7 19. a4 Rad8 20. axb5 axb5 21. Nd2 Nd4
22. Bd1 Nf5 23. Qe2 Nh4 24. f3 Ng6 25. Nf1 c5 26. Bc2 Qb7
27. Qf2 Qc6 28. Bd2 Qb7 29. Ra5 Ra8 30. Rea1 Rxa5 31. Rxa5 Ra8
32. Rxa8 Qxa8 33. Be3 Qc6 34. Nd2 1/2-1/2

[Event "5th European Club Cup for Women"]
[Site "Halle GER"]
[Date "2000.09.26"]
[EventDate "2000.09.24"]
[Round "3"]
[Result "1/2-1/2"]
[White "Alisa Galliamova"]
[Black "Almira Skripchenko"]
[WhiteElo "2526"]
[BlackElo "2450"]
[PlyCount "73"]

1. Nf3 d5 2. e3 Nf6 3. b3 g6 4. d4 Bg7 5. Bd3 O-O 6. O-O c5
7. Nbd2 Nc6 8. Bb2 e5 9. Nxe5 Nxe5 10. dxe5 Ng4 11. Nf3 Qc7
12. Qe2 Nxe5 13. Nxe5 Bxe5 14. Bxe5 Qxe5 15. f4 Qc7 16. Qf3 c4
17. bxc4 dxc4 18. Be4 Qc5 19. Kh1 Re8 20. f5 Bxf5 21. Bxf5
Qxf5 22. Qxb7 Qe6 23. Rad1 Rf8 24. e4 Rab8 25. Qxa7 Ra8
26. Qd4 Rxa2 27. Rf6 Qe7 28. Qxc4 Rxc2 29. Rxg6+ hxg6 30. Qxc2
Re8 31. Re1 Qb4 32. Re2 Qd4 33. h3 Qa1+ 34. Kh2 Qe5+ 35. g3
Kg7 36. Qc6 Re7 37. Qa4 1/2-1/2

[Event "2nd ch-EUR Women"]
[Site "Warsaw POL"]
[Date "2001.04.22"]
[EventDate "2001.04.22"]
[Round "1"]
[Result "0-1"]
[White "Adina-Maria Hamdouchi"]
[Black "Almira Skripchenko"]
[WhiteElo "2252"]
[BlackElo "2441"]
[PlyCount "108"]

1. Nf3 c5 2. g3 Nc6 3. Bg2 e5 4. d3 d5 5. O-O Nf6 6. c4 Be7
7. cxd5 Nxd5 8. Nc3 Nc7 9. Be3 O-O 10. Rc1 Be6 11. b3 f6
12. Nd2 Qd7 13. f4 Rab8 14. Qe1 Kh8 15. Nf3 exf4 16. gxf4 b6
17. Kh1 Rbe8 18. Qf2 Nd5 19. Bd2 f5 20. Ng5 Nxc3 21. Nxe6 Qxe6
22. Bxc3 Bf6 23. e4 Bxc3 24. Rxc3 Nd4 25. Rcc1 a5 26. Rce1 Rd8
27. Re3 Rf7 28. exf5 Qxf5 29. Be4 Qf6 30. Qg2 g6 31. Rh3 Nf5
32. Rg1 Rg7 33. Qg5 Rf8 34. Qg2 Nd6 35. Rf3 Re7 36. Rff1 Nf5
37. Qh3 Ref7 38. Rg5 Ne7 39. Rg4 Qe6 40. Qh4 Nf5 41. Bxf5 Rxf5
42. Rg3 Qd5+ 43. Rg2 g5 44. Qg3 Rxf4 45. Rfg1 h6 46. Qe3 Rf3
47. Qe7 Qxd3 48. Qe5+ R8f6 49. Rg3 Qf5 50. Qe8+ Kh7 51. R3g2
Rf1 52. Qe7+ Rf7 53. Qd8 Rxg1+ 54. Rxg1 Qe4+ 0-1

[Event "2nd ch-EUR Women Playoffs"]
[Site "Warsaw POL"]
[Date "2001.05.05"]
[EventDate "2001.05.05"]
[Round "3"]
[Result "1/2-1/2"]
[White "Almira Skripchenko"]
[Black "Ekaterina Kovalevskaya"]
[WhiteElo "2441"]
[BlackElo "2506"]
[PlyCount "51"]

1. e4 c5 2. Nf3 d6 3. Bb5+ Nd7 4. d4 cxd4 5. Qxd4 e5 6. Qd3
Be7 7. O-O h6 8. c4 Ngf6 9. Nc3 O-O 10. Bxd7 Bxd7 11. b3 Bc6
12. Rd1 a6 13. a4 Qc8 14. h3 Nh5 15. Nd5 Bxd5 16. Qxd5 Nf6
17. Qd3 Qc6 18. Re1 Rab8 19. Ba3 b5 20. axb5 axb5 21. Nxe5
dxe5 22. Bxe7 Rfc8 23. Bxf6 Qxf6 24. cxb5 Qb6 25. Ra6 Qxb5
26. Qxb5 1/2-1/2

[Event "TCh-YUG Women"]
[Site "Herceg Novi YUG"]
[Date "2001.05.16"]
[EventDate "2001.05.14"]
[Round "3"]
[Result "1-0"]
[White "Almira Skripchenko"]
[Black "Zorica Nikolin"]
[WhiteElo "2441"]
[BlackElo "2156"]
[PlyCount "60"]

1. e4 e5 2. Nf3 Nc6 3. Bb5 a6 4. Ba4 d6 5. c3 Bd7 6. O-O Nge7
7. d4 h6 8. Be3 g5 9. dxe5 dxe5 10. Nfd2 Ng6 11. Re1 Nf4
12. Nf1 Qf6 13. Bc2 h5 14. Nbd2 Rd8 15. Ng3 Ne7 16. Nf5 Neg6
17. g3 Ne6 18. Qf3 Be7 19. Qg2 h4 20. Nf1 Bc6 21. f3 hxg3
22. hxg3 g4 23. fxg4 Ng5 24. Bxg5 Qxg5 25. Nxe7 Kxe7 26. Ne3
Kf8 27. Re2 Kg8 28. Rf1 Bd7 29. Bb3 Qh6 30. Qf3 Rh7 1-0

[Event "TCh-YUG Women"]
[Site "Herceg Novi YUG"]
[Date "2001.05.18"]
[EventDate "2001.05.14"]
[Round "5"]
[Result "1-0"]
[White "Almira Skripchenko"]
[Black "Mirjana Maric"]
[WhiteElo "2441"]
[BlackElo "2312"]
[PlyCount "81"]

1. e4 e5 2. Nf3 Nc6 3. Bb5 a6 4. Ba4 Nf6 5. Qe2 Be7 6. c3 b5
7. Bb3 d6 8. a4 Rb8 9. axb5 axb5 10. d4 exd4 11. cxd4 Bg4
12. Be3 O-O 13. O-O d5 14. e5 Ne4 15. h3 Bh5 16. Kh2 f5
17. Nc3 Nxc3 18. bxc3 Kh8 19. Qa2 Bf7 20. Ng1 Qd7 21. Ne2 Nd8
22. Qc2 c6 23. Ra6 g5 24. f4 Bg6 25. Rfa1 Rb7 26. Ra8 g4
27. Nc1 gxh3 28. gxh3 Bh5 29. Qf2 Bf7 30. Nd3 Rg8 31. Bc2 Be6
32. Qf3 b4 33. cxb4 Bxb4 34. Nxb4 Rxb4 35. Bf2 Rb2 36. Qc3 Rb7
37. Bh4 h6 38. Bf6+ Kh7 39. Rg1 Rxg1 40. Kxg1 Nf7 41. Qg3 1-0

[Event "TCh-YUG Women"]
[Site "Herceg Novi YUG"]
[Date "2001.05.19"]
[EventDate "2001.05.14"]
[Round "6"]
[Result "0-1"]
[White "Danijela Ujhazi"]
[Black "Almira Skripchenko"]
[WhiteElo "2191"]
[BlackElo "2441"]
[PlyCount "72"]

1. e4 c5 2. Nc3 a6 3. g3 b5 4. Bg2 Bb7 5. d3 e6 6. Nf3 d5
7. exd5 exd5 8. O-O Bd6 9. d4 c4 10. Ng5 Nf6 11. Nxd5 Nxd5
12. Nxf7 Kxf7 13. Qh5+ Kf8 14. Bxd5 Bxd5 15. Qxd5 Ra7 16. Bg5
Qd7 17. a4 h6 18. Be3 Be7 19. Qf3+ Bf6 20. d5 Rb7 21. Rfe1 Kg8
22. Bc5 Kh7 23. Re6 Rd8 24. Rd1 Qf7 25. axb5 axb5 26. c3 Rbd7
27. Qe4+ Qg6 28. Qf3 Rf7 29. Rde1 Nd7 30. Qe3 Qf5 31. Bb4 Qxd5
32. Re8 Rxe8 33. Qxe8 Ne5 34. Re3 Nd3 35. Qe4+ Qxe4 36. Rxe4
Nxb4 0-1

[Event "TCh-YUG Women"]
[Site "Herceg Novi YUG"]
[Date "2001.05.20"]
[EventDate "2001.05.14"]
[Round "7"]
[Result "0-1"]
[White "Almira Skripchenko"]
[Black "Suzana Maksimovic"]
[WhiteElo "2441"]
[BlackElo "2331"]
[PlyCount "74"]

1. e4 c5 2. Nc3 Nc6 3. f4 g6 4. Nf3 Bg7 5. Bb5 Nd4 6. Bd3 d6
7. Nxd4 cxd4 8. Ne2 Nf6 9. O-O O-O 10. c3 Bg4 11. h3 Bxe2
12. Qxe2 e5 13. fxe5 Nh5 14. Qf3 dxe5 15. Bc4 Nf4 16. a4 Rc8
17. d3 Rc7 18. Kh2 a6 19. a5 Kh8 20. g3 Ne6 21. Rf2 f5
22. exf5 Rxf5 23. Qg2 Qf6 24. Re2 Rxc4 25. dxc4 d3 26. Rd2 Bh6
27. Rxd3 Bxc1 28. Kg1 e4 29. Rd1 Be3+ 30. Kh1 Ng5 31. Rf1 Rf3
32. h4 Nf7 33. Rae1 Ne5 34. Qh3 Ng4 35. Rd1 h5 36. b4 Rf2
37. Qg2 Rxg2 0-1

[Event "TCh-YUG Women"]
[Site "Herceg Novi YUG"]
[Date "2001.05.21"]
[EventDate "2001.05.14"]
[Round "8"]
[Result "0-1"]
[White "Marija Petrovic"]
[Black "Almira Skripchenko"]
[WhiteElo "2212"]
[BlackElo "2441"]
[PlyCount "72"]

1. d4 g6 2. Nf3 Bg7 3. c3 d6 4. Bg5 Nd7 5. Nbd2 h6 6. Bh4 g5
7. Bg3 f5 8. h3 e6 9. Qb3 Qe7 10. e3 Ngf6 11. Bc4 Nb6 12. Bb5+
Bd7 13. a4 a5 14. Bh2 O-O 15. Bxd7 Nfxd7 16. Nc4 Nxc4 17. Qxc4
Nf6 18. Nd2 Kh8 19. h4 g4 20. O-O-O Rfc8 21. Qd3 Qd7 22. e4
Rf8 23. exf5 exf5 24. Qb5 c6 25. Qb3 b5 26. Rde1 Rfe8
27. Rxe8+ Rxe8 28. axb5 cxb5 29. Qa3 b4 30. Qxa5 bxc3 31. bxc3
Qc6 32. Rd1 Ra8 33. Qxf5 Qxc3+ 34. Qc2 Qa3+ 35. Qb2 Re8
36. Kb1 Qd3+ 0-1

[Event "TCh-YUG Women"]
[Site "Herceg Novi YUG"]
[Date "2001.05.23"]
[EventDate "2001.05.14"]
[Round "10"]
[Result "0-1"]
[White "Marija Marcetic"]
[Black "Almira Skripchenko"]
[WhiteElo "2205"]
[BlackElo "2441"]
[PlyCount "88"]

1. e4 c5 2. Nf3 e6 3. d4 cxd4 4. Nxd4 a6 5. Nc3 b5 6. Bd3 Bb7
7. O-O Nf6 8. a3 Qc7 9. Kh1 h5 10. f4 Ng4 11. Qe2 d6 12. Bd2
Nd7 13. b4 Be7 14. a4 Bf6 15. e5 dxe5 16. Nxe6 fxe6 17. Bg6+
Ke7 18. axb5 exf4 19. Rae1 Nge5 20. Be4 Bxe4 21. Qxe4 g5
22. h4 axb5 23. hxg5 Bxg5 24. Nxb5 Qc4 25. Nd4 h4 26. Bxf4
Bxf4 27. Rxf4 Qd5 28. Nf5+ Kd8 29. Qxd5 exd5 30. Rd4 Nc6
31. Rxd5 Nxb4 32. Rb5 Nc6 33. Re6 Kc7 34. Re4 h3 35. Rc4 h2
36. Rb1 Nde5 37. Rh4 Rxh4 38. Nxh4 Ng4 39. Rf1 Nd4 40. g3 Nxc2
41. Nf3 Nce3 42. Re1 Kd6 43. Nxh2 Rh8 44. Kg1 Nxh2 0-1

[Event "Frauen Bundesliga -2"]
[Site "GER"]
[Date "2001.10.27"]
[EventDate "2001.10.06"]
[Round "1"]
[Result "0-1"]
[White "Ildiko Madl"]
[Black "Almira Skripchenko"]
[WhiteElo "2426"]
[BlackElo "2497"]
[PlyCount "68"]

1. e4 c5 2. Nf3 Nc6 3. d4 cxd4 4. Nxd4 e5 5. Nb5 d6 6. c4 Be7
7. b3 f5 8. exf5 Bxf5 9. Be2 Nf6 10. O-O a6 11. N5c3 O-O
12. Bb2 Qd7 13. Na3 Bd8 14. Nc2 Bb6 15. Ne3 Be6 16. Qd2 Rad8
17. Kh1 Bd4 18. Bf3 Kh8 19. Rae1 b5 20. cxb5 axb5 21. Nxb5
Bxb2 22. Qxb2 d5 23. a4 e4 24. Bd1 d4 25. Nc4 Bxc4 26. bxc4
Ne5 27. Qb3 Nd3 28. c5 Nxe1 29. Rxe1 Qf5 30. c6 Qxf2 31. Qg3
Ng4 32. Qxf2 Nxf2+ 33. Kg1 Nd3 34. c7 Rd7 0-1

[Event "Frauen Bundesliga -2"]
[Site "GER"]
[Date "2001.10.28"]
[EventDate "2001.10.06"]
[Round "2"]
[Result "1/2-1/2"]
[White "Almira Skripchenko"]
[Black "Tatjana Vasilevich"]
[WhiteElo "2497"]
[BlackElo "2421"]
[PlyCount "21"]

1. e4 c5 2. Nf3 d6 3. Bb5+ Bd7 4. Bxd7+ Qxd7 5. O-O Nf6 6. Qe2
Nc6 7. c3 e6 8. d4 cxd4 9. cxd4 d5 10. e5 Ne4 11. Be3 1/2-1/2

[Event "EuTChw"]
[Site "Leon ESP"]
[Date "2001.11.07"]
[EventDate "2001.11.06"]
[Round "2"]
[Result "1/2-1/2"]
[White "Natascha Bojkovic"]
[Black "Almira Skripchenko"]
[WhiteElo "2452"]
[BlackElo "2497"]
[PlyCount "33"]

1. e4 c5 2. Nf3 Nc6 3. d4 cxd4 4. Nxd4 e5 5. Nb5 d6 6. c4 Be7
7. N1c3 a6 8. Na3 f5 9. exf5 Bxf5 10. Bd3 Be6 11. Nc2 Nf6
12. O-O O-O 13. Ne3 Nd4 14. Bd2 Qd7 15. Ncd5 Bd8 16. Re1 Kh8
17. b3 1/2-1/2

[Event "EuTChw"]
[Site "Leon ESP"]
[Date "2001.11.08"]
[EventDate "2001.11.06"]
[Round "3"]
[Result "1-0"]
[White "Almira Skripchenko"]
[Black "Marina Makropoulou"]
[WhiteElo "2497"]
[BlackElo "2315"]
[PlyCount "83"]

1. e4 d5 2. exd5 Qxd5 3. Nc3 Qa5 4. d4 c6 5. Bc4 Bf5 6. Nge2
e6 7. O-O Nd7 8. Ng3 Bg6 9. f4 Ne7 10. Qe2 O-O-O 11. Nce4 Nf5
12. c3 h5 13. Nxf5 Qxf5 14. Bd3 Qg4 15. Qc2 h4 16. b4 Kb8
17. Ng5 Bxd3 18. Qxd3 Qh5 19. Qf3 f5 20. Qxh5 Rxh5 21. Nxe6
Re8 22. Nxf8 Rxf8 23. Re1 Nf6 24. Re5 h3 25. g3 Ne4 26. Bb2
Nd2 27. Kf2 Nc4 28. Re2 g5 29. fxg5 Nxb2 30. Rxb2 Rxg5 31. Kf3
Re8 32. Rbb1 Kc7 33. Re1 Rgg8 34. Re3 Rxe3+ 35. Kxe3 Re8+
36. Kd3 a5 37. a4 axb4 38. cxb4 Kd6 39. Rf1 Ra8 40. a5 Ke6
41. Rf4 Rh8 42. Rh4 1-0

[Event "EuTChw"]
[Site "Leon ESP"]
[Date "2001.11.13"]
[EventDate "2001.11.06"]
[Round "7"]
[Result "0-1"]
[White "Maria Nepeina Leconte"]
[Black "Almira Skripchenko"]
[WhiteElo "2302"]
[BlackElo "2497"]
[PlyCount "54"]

1. e4 c5 2. Nf3 e6 3. d4 cxd4 4. Nxd4 a6 5. Nc3 Qc7 6. g3 Bb4
7. Nde2 Nf6 8. Bg2 Nc6 9. O-O d6 10. b3 Ne5 11. Bb2 Bd7 12. h3
h5 13. a3 Bc5 14. Nd4 Rc8 15. Nce2 b5 16. Qd2 Ng6 17. Rae1 O-O
18. Qg5 Qd8 19. Nf4 e5 20. Nde6 Bxe6 21. Nxe6 fxe6 22. Qxg6
Qb6 23. Bf3 Bxf2+ 24. Rxf2 Ng4 25. Qxe6+ Kh7 26. hxg4 Rxf3
27. Ref1 Rxc2 0-1

[Event "EuTChw"]
[Site "Leon ESP"]
[Date "2001.11.15"]
[EventDate "2001.11.06"]
[Round "9"]
[Result "1/2-1/2"]
[White "Almira Skripchenko"]
[Black "Harriet Hunt"]
[WhiteElo "2497"]
[BlackElo "2406"]
[PlyCount "234"]

1. e4 c5 2. Nf3 d6 3. Bb5+ Nd7 4. O-O Ngf6 5. d4 Nxe4 6. Qe2
Nef6 7. dxc5 e6 8. cxd6 Bxd6 9. Bg5 a6 10. Bxd7+ Bxd7 11. Nc3
Bc6 12. Ne5 Qc7 13. Nxc6 Qxc6 14. Bxf6 gxf6 15. Ne4 Be7
16. Rad1 Rg8 17. Qf3 Kf8 18. Rd3 f5 19. Nd2 Qxf3 20. Nxf3 Rd8
21. Rxd8+ Bxd8 22. Rd1 Bf6 23. Rd7 b5 24. Ra7 Kg7 25. h4 Bxb2
26. Rxa6 Rc8 27. Rb6 Rxc2 28. Rxb5 Ba3 29. Rb7 Bc5 30. Ng5 Kg6
31. Nxf7 Bxf2+ 32. Kh2 Bd4 33. Ng5 e5 34. Rxh7 Be3 35. Rh8
Bf4+ 36. Kg1 Bg3 37. Kf1 Rf2+ 38. Kg1 Rxa2 39. Kf1 Rf2+
40. Kg1 Rc2 41. Kf1 Bxh4 42. Rxh4 Kxg5 43. Ra4 e4 44. Rb4 Kf4
45. Ra4 Rd2 46. Rb4 Ke3 47. Rb3+ Rd3 48. Rb1 Rc3 49. Ra1 Kd2
50. Kf2 f4 51. Ra2+ Rc2 52. Ra1 Kc3+ 53. Kf1 Kd3 54. Ra3+ Rc3
55. Ra1 Ke3 56. Re1+ Kd4 57. Ra1 e3 58. Rd1+ Rd3 59. Ra1 Ke4
60. Ra4+ Rd4 61. Ra8 Rd5 62. Ke2 Rg5 63. Ra4+ Kf5 64. Kf1 Kg4
65. Ra8 Kg3 66. Re8 Rg7 67. Re6 Kg4 68. Re8 Rg5 69. Re7 Ra5
70. Rg7+ Kf5 71. Rf7+ Kg5 72. Rf8 Ra1+ 73. Ke2 Ra2+ 74. Kf1
Ra1+ 75. Ke2 Rg1 76. Rg8+ Kf5 77. Rf8+ Ke5 78. Re8+ Kd6
79. Rd8+ Ke6 80. Rg8 Ra1 81. Re8+ Kf5 82. Rg8 Ra2+ 83. Kf1 Rd2
84. Rg7 Rc2 85. Rg8 Ke4 86. Re8+ Kd3 87. Rd8+ Ke4 88. Re8+ Kf5
89. Rg8 Rb2 90. Rg7 Ke4 91. Re7+ Kd3 92. Rd7+ Kc2 93. Ra7 Kd2
94. Rd7+ Kc1 95. Ra7 Rf2+ 96. Kg1 Rd2 97. Kf1 Rc2 98. Ra8 Kd1
99. Ra1+ Kd2 100. Rb1 Ra2 101. Re1 Kd3 102. Rb1 Rf2+ 103. Kg1
f3 104. Rb3+ Kd4 105. gxf3 Rxf3 106. Kg2 Rf7 107. Ra3 e2
108. Ra1 Kd3 109. Ra3+ Kc2 110. Ra1 Kd3 111. Ra3+ Kd2
112. Ra2+ Ke3 113. Ra3+ Kd4 114. Ra1 Kc3 115. Rb1 Kc2 116. Ra1
Kb2 117. Re1 Kc3 1/2-1/2

[Event "Corus"]
[Site "Wijk aan Zee NED"]
[Date "2002.01.21"]
[EventDate "2002.01.15"]
[Round "6"]
[Result "1/2-1/2"]
[White "Pavel Tregubov"]
[Black "Almira Skripchenko"]
[WhiteElo "2626"]
[BlackElo "2498"]
[PlyCount "39"]

1. d4 d5 2. c4 dxc4 3. e3 e6 4. Bxc4 c5 5. Nf3 a6 6. O-O Nf6
7. dxc5 Qxd1 8. Rxd1 Bxc5 9. Nbd2 Nbd7 10. b3 b6 11. Bb2 Bb7
12. Be2 O-O 13. Ne1 Rfc8 14. Nc4 Bd5 15. Nd3 Bxc4 16. bxc4 Be7
17. Ne5 Ra7 18. Nxd7 Nxd7 19. g4 Rac7 20. Rab1 1/2-1/2

[Event "Corus"]
[Site "Wijk aan Zee NED"]
[Date "2002.01.24"]
[EventDate "2002.01.15"]
[Round "8"]
[Result "0-1"]
[White "Jan Werle"]
[Black "Almira Skripchenko"]
[WhiteElo "2481"]
[BlackElo "2498"]
[PlyCount "48"]

1. Nf3 d5 2. d4 Nf6 3. c4 dxc4 4. e3 e6 5. Bxc4 a6 6. O-O b5
7. Bb3 c5 8. Qe2 Bb7 9. a4 b4 10. Nbd2 Be7 11. Rd1 O-O 12. e4
cxd4 13. e5 d3 14. Qe3 Nfd7 15. Ne4 Qc7 16. Qf4 Nc6 17. Qg3
Ncxe5 18. Bf4 Bxe4 19. Nxe5 Qb7 20. Nxd3 Bxd3 21. Rxd3 Nc5
22. Rd2 Nxb3 23. Be5 Bg5 24. Bxg7 Nxd2 0-1

[Event "Corus"]
[Site "Wijk aan Zee NED"]
[Date "2002.01.26"]
[EventDate "2002.01.15"]
[Round "10"]
[Result "1/2-1/2"]
[White "Almira Skripchenko"]
[Black "Yu Shaoteng"]
[WhiteElo "2498"]
[BlackElo "2522"]
[PlyCount "24"]

1. e4 e6 2. d3 d5 3. Nd2 Nf6 4. Ngf3 b6 5. g3 dxe4 6. dxe4 Bc5
7. Bg2 Ba6 8. c4 Qd3 9. Bf1 Qd7 10. Bg2 Qd3 11. Bf1 Qd7
12. Bg2 Qd3 1/2-1/2

[Event "French Championships"]
[Site "Val d'Isere FRA"]
[Date "2002.08.20"]
[EventDate "2002.08.19"]
[Round "2"]
[Result "1/2-1/2"]
[White "Iossif Davidovich Dorfman"]
[Black "Almira Skripchenko"]
[WhiteElo "2617"]
[BlackElo "2497"]
[PlyCount "82"]

1. d4 d5 2. Nf3 e6 3. g3 Nf6 4. Bg2 b5 5. O-O Bb7 6. Qd3 a6
7. b3 Nbd7 8. c4 bxc4 9. bxc4 dxc4 10. Qxc4 c5 11. Qb3 Bd5
12. Qa4 cxd4 13. Nxd4 Bxg2 14. Kxg2 Bc5 15. Nb3 O-O 16. N1d2
Qe7 17. Ne4 Nxe4 18. Qxe4 Nf6 19. Qf3 Ba3 20. Nd4 Bxc1
21. Rfxc1 Rac8 22. Nc6 Qd6 23. Rc4 Rc7 24. Rac1 Re8 25. e4 Qf8
26. g4 h6 27. h4 e5 28. g5 hxg5 29. hxg5 Nh7 30. Qg3 Qd6
31. Nxe5 Rxc4 32. Nxc4 Qxg3+ 33. Kxg3 Nxg5 34. f3 Rc8 35. Kf4
Ne6+ 36. Ke3 g5 37. Rc2 Kf8 38. Na3 Rb8 39. Nc4 Rc8 40. Na3
Rb8 41. Nc4 Rc8 1/2-1/2

[Event "French Championships"]
[Site "Val d'Isere FRA"]
[Date "2002.08.23"]
[EventDate "2002.08.19"]
[Round "5"]
[Result "1-0"]
[White "Almira Skripchenko"]
[Black "Laurent Fressinet"]
[WhiteElo "2497"]
[BlackElo "2619"]
[PlyCount "73"]

1. e4 g6 2. d4 Bg7 3. Nf3 d6 4. Bc4 e6 5. O-O Nd7 6. Nc3 a6
7. a4 b6 8. Bf4 Bb7 9. Qd2 h6 10. h3 g5 11. Bh2 Ne7 12. h4 Ng6
13. h5 Ne7 14. d5 e5 15. Ne1 f5 16. exf5 Nf6 17. f3 Nxf5
18. Ne4 O-O 19. c3 Kh8 20. Rd1 Qe8 21. Bb3 Ne7 22. Nxf6 Rxf6
23. g4 c6 24. c4 cxd5 25. cxd5 Rc8 26. Ng2 Qf7 27. Qd3 Rf8
28. Ne3 Qe8 29. Bc2 Kg8 30. Bxe5 dxe5 31. Qh7+ Kf7 32. d6 Rh8
33. Bb3+ Bd5 34. Nxd5 Rxh7 35. Nxf6+ Kxf6 36. d7 Qd8 37. Rd6#
1-0

[Event "French Championships"]
[Site "Val d'Isere FRA"]
[Date "2002.08.25"]
[EventDate "2002.08.19"]
[Round "7"]
[Result "1/2-1/2"]
[White "Almira Skripchenko"]
[Black "Andrei Sokolov"]
[WhiteElo "2497"]
[BlackElo "2587"]
[PlyCount "33"]

1. e4 c5 2. Nf3 e6 3. c3 d5 4. exd5 exd5 5. d4 Nc6 6. Bb5 Bd6
7. dxc5 Bxc5 8. O-O Nge7 9. Nbd2 O-O 10. Nb3 Bd6 11. h3 Bf5
12. Re1 a6 13. Bd3 Qd7 14. Be3 Rfe8 15. Qd2 Bxh3 16. Bxh7+
Kxh7 17. Ng5+ 1/2-1/2

[Event "French Championships"]
[Site "Val d'Isere, France"]
[Date "2002.08.27"]
[EventDate "2002.08.19"]
[Round "8"]
[Result "1/2-1/2"]
[White "Cyril Marcelin"]
[Black "Almira Skripchenko"]
[WhiteElo "2470"]
[BlackElo "2497"]
[PlyCount "119"]

1. d4 d5 2. c4 dxc4 3. e3 e6 4. Bxc4 c5 5. Nf3 a6 6. O-O Nf6
7. a4 Nc6 8. Qe2 cxd4 9. Rd1 Be7 10. exd4 O-O 11. Nc3 Nd5
12. Bb3 Re8 13. h4 Ncb4 14. h5 b6 15. Bd2 f5 16. Nxd5 Nxd5
17. Rac1 Bf6 18. Rc6 Qd7 19. Rdc1 Bb7 20. R6c2 Rac8 21. Ne5
Qd6 22. Rxc8 Rxc8 23. Nc4 Qe7 24. Re1 Re8 25. Qd3 Kh8 26. Ne5
Rd8 27. Qe2 Re8 28. Bc4 Kg8 29. Bxa6 Bxa6 30. Qxa6 Bxe5
31. Rxe5 Qh4 32. Qe2 Kf7 33. Bc3 g6 34. hxg6+ hxg6 35. g3 Qh6
36. Bd2 Qh3 37. Qf3 Nf6 38. Bg5 Ng4 39. Re2 Qh2+ 40. Kf1 Qh5
41. Qb7+ Kg8 42. f4 Qh3+ 43. Qg2 Qxg2+ 44. Kxg2 Kf7 45. d5
exd5 46. Rxe8 Kxe8 47. Kf3 Kd7 48. Ke2 Kc6 49. b4 d4 50. Bd8
Ne3 51. Kd3 Nd5 52. Kc4 d3 53. Kxd3 Nxb4+ 54. Kd4 Nd5 55. Ke5
Nc3 56. Kf6 Ne4+ 57. Kxg6 Nxg3 58. Bh4 Ne2 59. Kxf5 Nxf4
60. Ke4 1/2-1/2